000 00330nam a22001457a 4500
008 210514b ||||| |||| 00| 0 eng d
020 _a2901439078388
041 _aeng
080 _a004
082 _a004
100 _a28
101 _aSHKI
245 _aMicrosoft office 2010 Introductory
_cGary B. Shelly
942 _2udc
_cBK
999 _c57336
_d57336